The Simpsons Quiz 2013 - Statistics

General Stats
  • This quiz has been taken 474 times
  • The average score is 7 of 11
Answer Stats
Hint Answer % Correct
Lisa's Brother Bart
94%
Homer __________ Simpson
89%
Ralph __________ wiggum
86%
Homers Brother Herb
79%
Martin ______ Prince
77%
Mole ____ Man
76%
Sideshow Bobs Brother Cecil
58%
One Fish Two Fish Red Fish ________ Blue Fish
50%
Barts Brother Hugo
48%
DR Hibberts Brother Bleeding Gums Murphy
27%
Dewey _______ Largo
20%
No matching quizzes found
Score Distribution
Percent of People with Each Score
Percentile by Number Answered
Your Score History
You have not taken this quiz